000 00739nam a22002537a 4500
001 2738
003 FISKH
005 20240119152010.0
008 240111b cb ||||| |||| 00| 0 eng d
020 _a9781407538075
040 _aFISKH
_beng
_cFISKH
_dFISKH
050 _aPZ7
082 _a745.5
100 _aAnonymous
245 _aCrafts all year round /
260 _aBath BA 1 1HE :
_bParagon,
_c2009.
300 _a255 pages :
_bcolor illustrations ;
_c28 cm
505 _aM
520 _aCrafts for everyday of every season. Perfect for homeschoolers, babysitters, Moms & teachers.
521 8 _a530
_bLexile estimate
521 8 _aM
_bRaz-Plus
650 _2Activities
_aCrafting
942 _2ddc
_cBK
_n0
999 _c2738
_d2738